000 00982nam a2200301 a 4500
001 41812
003 BD-RjUL
005 20211209053444.0
008 160606s1964 enk 001 0 eng d
035 _aMITb10488460
035 _a(OCoLC)00852600
035 _aGLIS00488460
035 _a(OCoLC)08057082
_a(BD-RjUL) 41930
040 _aCIN
_cCIN
_dm/c
_dOCL
_dPLF
_dRCD
_dBD-RjUL
_beng
041 _aeng
082 _223
_a323.42
_bTAE 1964
100 1 _aTawney, R. H.
_q(Richard Henry),
_d1880-1962.
_9128434
245 1 0 _aEquality /
_cR.H. Tawney. With a new introd. by Richard M. Titmuss
250 _a4th rev. ed.
260 _aLondon :
_bUnwin Books,
_cc1964
300 _a255 p. ;
_c19 cm.
500 _aIncludes index
500 _a"First published in 1931 ... First published in this ed. in 1964."
504 _aBibliographical references included in "Notes" p. [236]-245.
650 0 _aEquality.
_9128107
700 _aTitmuss, Richard M.
_9128435
942 _2ddc
_cBK
999 _c41812
_d41812